- Ramírez, Ignacio,
Entry Nombre Personal
001 - NUMERO DE CONTROL
- campo de control: 29426
003 - IDENTIFICADOR DE NUMERO DE CONTROL
- campo de control: MX-MxUPN
005 - FECHA Y HORA DE LA ÜLTIMA TRANSACCIÓN
- campo de control: 20240618161923.0
008 - DATOS DE LONGITUD FIJA
- campo de control de longitud fija: 240618n||acannaabn a aaa |d
010 ## - NÚMERO DE CONTROL DE LA BIBLIOTECA DEL CONGRESO
- Número de control LC: n 80097942
035 ## - NUMERO DE CONTROL
- Número de control: UPN11000001532
035 ## - NUMERO DE CONTROL
- Número de control: (OCoLC)oca00478926
040 ## - FUENTE DE CATALOGACIÓN
- Lenguaje de catalogación: spa
- Agencia de transcripción: DLC
- Agencia original de catalogación: DLC
- Agencia que lo modifica: DLC
- Agencia que lo modifica: CoU
- Agencia que lo modifica: UPB
- Agencia que lo modifica: OCoLC
- Agencia que lo modifica: MX-MxUPN
046 ## - FECHAS CON CODIFICACIÓN ESPECIAL
- Fecha de nacimiento: 18180622
- Fecha de muerte: 18790615
053 ## - NÚMERO DE CLASIFICACIÓN LC
- Número de clasificación elemento-número único o número inicial de tramo: PQ7297.R245
100 1# - ENCABEZAMIENTO - NOMBRE PERSONAL
- Nombre personal: Ramírez, Ignacio,
- Fechas asociadas con el nombre: 1818-1879
370 ## - LUGAR ASOCIADO
- Fuente del término: $naf
- Place of birth: San Miguel de Allende (México)
- Place of death: Ciudad de México (México)
374 ## - OCUPACIÓN
- Occupation: Poeta
- Occupation: Periodista
- Occupation: Abogado
378 ## - FORMA COMPLETA DE NOMBRE PERSONAL
- Fuller form of personal name: Juan Ignacio Paulino Ramírez Calzada
400 0# - VEÁSE - NOMBRE DE PERSONA
- Personal name: El Nigromante,
- Dates associated with a name: 1818-1879
670 ## - FUENTE EN LA QUE SE LOCALIZARON DATOS
- Cita de la fuente: Diccionario Porrúa de historia, biografía y geografía de México
- Información localizada: Escritos económicos
670 ## - FUENTE EN LA QUE SE LOCALIZARON DATOS
- Cita de la fuente: Autoridades LC, 18 junio 2024 :
- Información localizada: (Ramírez, Ignacio, 1818-1879)
- Uniform Resource Identifier: https://lccn.loc.gov/n80097942
680 ## - NOTA PUBLICA DE ACCESO PÚBLICO
- Encabezamiento o subdivisión: Escritor y político mexicano
902 ## - CATALOGADOR
- Catalogador: DAA/290508
